ABC de las relaciones públicas : (Record no. 195537)
[ view plain ]
| 000 -LEADER | |
|---|---|
| campo de control de longitud fija | 02149nam a2200373 i 4500 |
| 001 - NÚMERO DE CONTROL | |
| campo de control | 195537 |
| 003 - IDENTIFICADOR DE NÚMERO DE CONTROL | |
| campo de control | ES-VgaRLPE |
| 005 - FECHA Y HORA DE LA ÚLTIMA TRANSACCIÓN | |
| campo de control | 20250712063143.0 |
| 008 - DATOS DE LONGITUD FIJA--INFORMACIÓN GENERAL | |
| campo de control de longitud fija | 240619 2001 sp spa c |
| 017 ## - NÚMERO DE COPYRIGHT O DE DEPÓSITO LEGAL | |
| Número de copyright o de depósito legal | B 41586-2001 |
| 020 ## - NÚMERO INTERNACIONAL ESTÁNDAR DEL LIBRO | |
| Número Internacional Estándar del Libro | 848088682X |
| 035 ## - NÚMERO DE CONTROL DEL SISTEMA | |
| Número de control de sistema | (OCoLC)641679498 |
| 040 ## - FUENTE DE CATALOGACIÓN | |
| Centro catalogador/agencia de origen | B0095 |
| Lengua de catalogación | spa |
| Centro/agencia transcriptor | ES-MaACL |
| 080 1# - NÚMERO DE LA CLASIFICACIÓN DECIMAL UNIVERSAL | |
| Número de la Clasificación Decimal Universal | 659.4 |
| 100 0# - ENTRADA PRINCIPAL--NOMBRE DE PERSONA | |
| Nombre de persona | Black, Sam |
| 9 (RLIN) | 29065 |
| Término indicativo de función/relación | Autor |
| 245 10 - MENCIÓN DEL TÍTULO | |
| Título | ABC de las relaciones públicas : |
| Resto del título | todos los secretos y fundamentos de las relaciones públicas, con ejemplos reales / |
| Mención de responsabilidad, etc. | Sam Black ; [traducción, Aida Santapau]. |
| 260 ## - PUBLICACIÓN, DISTRIBUCIÓN, ETC. | |
| Lugar de publicación, distribución, etc. | Barcelona : |
| Nombre del editor, distribuidor, etc. | Gestión 2000, |
| Fecha de publicación, distribución, etc. | 2001. |
| 300 ## - DESCRIPCIÓN FÍSICA | |
| Extensión | 227 páginas ; |
| Dimensiones | 23 cm |
| 336 ## - TIPO DE CONTENIDO | |
| Fuente | rdacontent |
| Término de tipo de contenido | texto |
| 337 ## - TIPO DE MEDIO | |
| Fuente | rdamedia |
| Nombre/término del tipo de medio | sin mediación |
| 338 ## - TIPO DE SOPORTE | |
| Fuente | rdacarrier |
| Nombre/término del tipo de soporte | volumen |
| 490 1# - MENCIÓN DE SERIE | |
| Mención de serie | Colección universitaria ESERP |
| 520 ## - RESUMEN, ETC. | |
| Sumario, etc. | La práctica de las Relaciones Públicas se ha desarrollado de una manera espectacular en los últimos años. Sin embargo, y como dice Sam Black, las Relaciones Públicas son "muy sencillas", la única dificultad es llevarlas a cabo de forma profesional. Es desde este punto de vista que, Sam Black, explora la combinación de conceptos, técnicas y habilidades que pueden dar como resultado unas Relaciones Públicas verdaderamente profesionales. Basándose en su dilatada experiencia, Sam Black, examina con toda profundidad una gama dinámica de Relaciones Públicas en el actual mundo de los negocios. Nos explica el papel tan valioso que desempeñan las Relaciones Públicas al abarcar las siguientes áreas: El papel estratégico de las Relaciones Públicas. |
| 650 #7 - PUNTO DE ACCESO ADICIONAL DE MATERIA--TÉRMINO DE MATERIA | |
| Término de materia o nombre geográfico como elemento de entrada | Relaciones públicas |
| 9 (RLIN) | 146430 |
| 700 1# - ENTRADA AGREGADA--NOMBRE PERSONAL | |
| Nombre de persona | Santapau, Aida. |
| 9 (RLIN) | 237160 |
| Término indicativo de función/relación | Traductor |
| 852 ## - LOCALIZACIÓN | |
| Ubicación | ES-MaACL |
| Ubicación en estantería | Depósito J |
| Número de control de estantería | N-10044 |
| Donativo/Legado | Donación: Helena de la Joya |
| Encuadernación | Encuadernación rústica con solapas |
| itemnumber | 206191 |
| 903 ## - NOMBRE PERSONAL DE DONANTE | |
| a | Joya, Helena de la |
| e | Donante |
| 942 ## - ELEMENTOS DE ENTRADA SECUNDARIOS (KOHA) | |
| Tipo de ítem Koha | Libro impreso |
| Suprimir en OPAC | No |
| Estatus retirado | Estado de pérdida | Fuente del sistema de clasificación o colocación | Estado de daño | No para préstamo | Biblioteca de origen | Biblioteca actual | Ubicación en estantería | Fecha de adquisición | Fuente de adquisición | Total de préstamos | Signatura topográfica completa | Código de barras | Visto por última vez | Precio de reemplazo | Tipo de ítem Koha |
|---|---|---|---|---|---|---|---|---|---|---|---|---|---|---|---|
| Clasificación decimal universal | Biblioteca del Ateneo de Madrid | Biblioteca del Ateneo de Madrid | Depósito J | 10/07/2025 | Donación | N-10044 | 2025-0582 | 10/07/2025 | 10/07/2025 | Libro impreso |
